Vir bonus dicendi peritus : homenaje al profesor Miguel Ángel Garrido Gallardo /
שמור ב:
| מחברים אחרים: | |
|---|---|
| פורמט: | אלקטרוני ספר אלקטרוני |
| שפה: | ספרדית |
| יצא לאור: |
Madrid :
Consejo Superior de Investigaciones Científicas,
2019.
|
| נושאים: | |
| גישה מקוונת: | Digitalia Hispánica |
| תגים: |
הוספת תג
אין תגיות, היה/י הראשונ/ה לתייג את הרשומה!
|
MARC
| LEADER | 00000nam a2200000Ii 4500 | ||
|---|---|---|---|
| 001 | DIGCSIC0496 | ||
| 003 | NyNyDIG | ||
| 007 | cr ||||||||||| | ||
| 008 | 210806s2019 sp ob 010 0 spa d | ||
| 006 | m o d | ||
| 035 | |a (OCoLC)1282639972 | ||
| 040 | |a DGITA |b eng |e rda |e pn |c DGITA | ||
| 020 | |a 9788400104590 |q eBook | ||
| 020 | |z 9788400104580 | ||
| 024 | 7 | |a 694-19-128-X |q e-NIPO |2 nipo | |
| 024 | 7 | |z 694-19-127-4 |2 nipo | |
| 043 | |a e-sp--- | ||
| 050 | 1 | 4 | |a PC4026.G38 ebook |
| 245 | 0 | 0 | |a Vir bonus dicendi peritus : |b homenaje al profesor Miguel Ángel Garrido Gallardo / |c coordinado por Luis Alburquerque-García [and 3 others]. |
| 264 | 1 | |a Madrid : |b Consejo Superior de Investigaciones Científicas, |c 2019. | |
| 300 | |a 1 online resource. | ||
| 336 | |a text |b txt |2 rdacontent | ||
| 337 | |a computer |b c |2 rdamedia | ||
| 338 | |a online resource |b cr |2 rdacarrier | ||
| 347 | |a text file |2 rdaft | ||
| 347 | |b PDF | ||
| 504 | |a Includes bibliographical references. | ||
| 588 | 0 | |a Online resource; title from PDF title page (Digitalia, viewed August 6, 2021) | |
| 650 | 0 | |a Spanish philology. | |
| 655 | 0 | |a Electronic books. | |
| 700 | 1 | |a Garrido Gallardo, Miguel Ángel, |d 1945- |e honoree. | |
| 700 | 1 | |a Alburquerque, Luis, |e editor. | |
| 791 | 2 | |a Digitalia (Firm), |e distributor. | |
| 793 | 0 | |g Digitalia eBook Collection: |a Editorial CSIC | |
| 776 | 0 | 8 | |i Print version: |t Vir bonus dicendi peritus. |d Madrid : Consejo Superior de Investigaciones Científicas, 2019 |z 9788400104580 |
| 856 | 4 | 0 | |3 Digitalia Hispánica |u https://digitalia.unach.elogim.com/a/61531/ |
| 910 | |a Premium collection: 2021 | ||